Normal view
MARC view
Entry Topical Term
001 - CONTROL NUMBER
- control field: 52440
003 - CONTROL NUMBER IDENTIFIER
- control field: ARRUPE
005 - DATE AND TIME OF LATEST TRANSACTION
- control field: 20240215142828.0
008 - FIXED-LENGTH DATA ELEMENTS
- fixed length control field: 240215|| aca||aabn | a|a d
040 ## - CATALOGING SOURCE
- Original cataloging agency: ARRUPE
- Transcribing agency: ARRUPE
150 ## - HEADING--TOPICAL TERM
- Topical term or geographic name as entry element: Jewish-Arab relations
- General subdivision: History
- Chronological subdivision: 1917-1948
670 ## - SOURCE DATA FOUND
- Source citation: Work cat.: (ARRUPE)131800: Morris, Benny, 1948- 52437, The road to Jerusalem :, 2002.